Rozpoznaj muzyka po właściwym imieniu - Statystyki

Ogólne statystyki
  • Ten quiz został rozwiązany 894 razy
    876 od ostatniego zresetowania
  • Średni wynik to 16 z 43
Statystyki odpowiedzi
Imię Kraj Działania/Pochodzenia Powiązany Zespół i/lub Popularny Utwór Pseudonim % Poprawnych
Joanna Klebko Polska My, Słowianie Cleo
98%
Dorota Rabczewska Polska Virgin/Dżaga Doda
88%
Witold Czamara Polska My, Słowianie Donatan
83%
Łukasz Mróz Polska Bo jak nie my, to kto? Mrozu
78%
Robin Fenty Barbados/Stany Zjednoczone Umbrella Rihanna
73%
Marta Wiśniewska Polska Everynight Mandaryna
72%
Isabel Mebarak Ripoll Kolumbia Waka Waka (It's time for Africa) Shakira
72%
Marta Markiewicz Polska Naucz Mnie Sarsa
71%
Jae-Sang Park Korea Południowa Gangnam Style PSY
66%
Aleksander Milwiw Polska Afromental/Rock'n'rollin' Love Baron
64%
Farrokh Bulsara Wielka Brytania/Tanzania (Zanzibar) Queen/Bohemian Rapsody Freddie Mercury
61%
Tomasz Lach Polska Afromental/Rock'n'Rollin' Love Tomson
61%
Piotr Łuszcz Polska Paktofonika/Jestem Bogiem Magik
60%
Giselle Knowles Carter Stany Zjednoczone Halo Beyoncé
55%
Marshall Bruce Mathers III Stany Zjednoczone Love the Way You Lie (z panią w wierszu poniżej) Eminem
50%
Małgorzata Jamroży Polska Wasted Margaret
47%
Curtis James Jackson III Stany Zjednoczone Candy Shop 50cent
45%
Robert Netta M. Jamajka The Wailers/No Woman, No Cry Bob Marley
44%
Georgios Kyriakos Panajiotu Wielka Brytania/Cypr Wham!/Careless Whisper George Michael
43%
Renata Makowiecka Polska Zakręcona Reni Jusis
40%
Gordon Matthew Summer Wielka Brytania The Police/Englishman In New York Sting
40%
Wouter De Backer Belgia/Australia Somebody that I use to know Gotye
39%
T. Shakur Stany Zjednoczone Changes 2pac
38%
Paul David Hewson Irlandia U2/I;m Still Haven't Found, What I'm Looking For Bono
32%
Bartosz Walaszek Polska Pisarz Miłości Fagot
18%
Piotr Połać Polska Pisarz Miłości Figo
18%
Christopher Hamill Wielka Brytania Kajagoogoo/Neverending Story Limahl
17%
B. Guðmundsdóttir Islandia It's Oh So Qiet Björk
16%
Ilja Prusikin Rosja Skibidi/I'm OK (I'm not alcoholic) Little Big
16%
Gabriele Susanne Kerner Niemcy 99 Luftballons Nena
16%
Pierre Garand Kanada Gitan Garou
15%
Ketevan M. Wielka Brytania/Gruzińska SRR 9 Million Bicycles (in Bejjing) Katie Melua
15%
Luoise Ciccone Stany Zjednoczone Music (makes the people) Madonna
15%
Hans Peter Geerdes Niemcy How Much is The Fish/Nesajah Scooter/H. P.
14%
Amanda Koci Stany Zjednoczone/Albania Torn Ava Max
12%
Henrique S. Mozambik Ramaja Afric Simone
8%
Bogumił Romanowski Polska Łobuzy/Ona Czuje We Mnie Piniądz Boogie
8%
Adam Jaworski Polska Drillhouse (mix imprezowy) Dj Adamus
8%
T. Tevetoğlu Turcja Sımarık (Kiss Kiss) Tarkan
8%
Vitaliy Vŭadasovich Grachov Ukraina/Rosja The Seventh Element Vitas
6%
Dan Bălan Mołdawia O-ZONE/Johanna (Shut Up) Crazy Loop
4%
Arseni Todiraș Mołdawia/Rosja O-ZONE/Love me, Love me Arsenium
3%
Jonny Jakobsen Dania/Szwecja/Indie Calcutta (Taxi Driver Man) Dr. Bombay
1%
Nie znaleziono quizów pasujących do podanych kryteriów
Rozkład punktacji
Procent ludzi z każdym wynikiem
Percentyl według liczby udzielonych odpowiedzi
Twoja historia wyników
Nie rozwiązałeś tego quizu od ostatniego zresetowania